Devine le tableau - Renaissance #2 - Statistiques

Statistiques générales
  • Ce quiz a été pris 211 fois
  • Le résultat moyen est 3 sur 10
Statistiques - réponses
Par images Hint Réponse % Correct
L'Hiver
78%
Raphaël, 1504-05 Les trois Grâces
67%
Jan van Eyck, 1434 Les époux Arnolfini
51%
Andrea Mantegna, 1480 Saint-Sébastien (Louvre)
44%
La Dame à l'hermine
40%
Jan van Eyck, 1433 L'homme au turban rouge
26%
Le Parmesan, 1535 La Vierge au long cou
14%
Jean Fouquet, 1450-55 Portrait du roi Charles VII
14%
Titien, 1515 La femme au miroir
7%
Raphaël, 1514 L'Incendie du Borgo
6%
Aucun quiz correspondant
Distribution des résultats
% des personnes avec chaque résultat
Percentile par nombre de réponses
Votre historique - résultats
Vous n’avez pas pris ce quiz